000 00536nam a2200205Ia 4500
003 GCL
008 140319s9999 xx 000 0 ara d
040 _aGCL /
_cGCL
082 0 4 _aد
_b050
_bر ا
100 1 _aاليونسكو
245 1 0 _aرسالة اليونسكو /
_cاليونسكو
260 _a[S.N] :
_bاليونسكو
300 _a34
490 _aمذكرات كازنتذاكى
_v0
650 0 4 _aالادب
650 0 4 _aالسياسة
650 0 4 _aالثقافة
650 0 4 _aالفنون
942 _2ddc
_cCF
999 _c27049
_d27049